| 000 | 01677nam0a2200337 4500 | ||
|---|---|---|---|
| 001 | RU\NLR\bibl\548879 | ||
| 005 | 20260406080059.0 | ||
| 010 |
_a5-88717-321-1 _915000 |
||
| 021 |
_aRU _b2004-43989 _92184 |
||
| 035 | _a(NLR Aleph) 000541067 | ||
| 090 |
_a1413223 _c1413223 |
||
| 100 | _a20040903d2004 |||y0rusy50 ca | ||
| 101 | 0 | _arus | |
| 102 | _aRU | ||
| 105 | _aa ||||||||| | ||
| 200 | 1 |
_aОбщая биология _eУчеб. для учащихся 11 кл. общеобразоват. учреждений _fИ.Н. Пономарева, О.А. Корнилова, Т.Е. Лощилина, П.В. Ижевский _gПод ред. проф. И.Н. Пономаревой |
|
| 210 |
_aМ. _cВентана-Граф _d2004 |
||
| 215 |
_a221, [1] с. _cил., цв. ил. _d22 |
||
| 606 | 0 |
_aБиология _jРуководства, пособия и т.п. _9896131 _3RU\NLR\auth\664781 |
|
| 606 | 0 |
_aБиология _jУчебники для средней школы _9896131 _3RU\NLR\auth\664781 |
|
| 686 | _aЕ.я721-1 | ||
| 701 | 1 |
_4070 _8rus _7ca _aПономарева _bИ. Н. _cд-р пед. наук, канд. биол. наук _f1929- _gИрма Николаевна _3RU\NLR\AUTH\7740598 _923550 |
|
| 701 | 1 |
_4070 _7ca _8rus _aКорнилова _bО. А. _cд-р биол. наук _f1961- _gОльга Анатольевна _9179525 _3RU\NLR\AUTH\770179576 |
|
| 701 | 1 |
_aЛощилина _bТ. Е. _gТатьяна Евгеньевна _4070 |
|
| 701 | 1 |
_aИжевский _bП. В. _gПавел Владимирович _4070 |
|
| 801 | 0 |
_aRU _bNLR _c20040903 _gPSBO |
|
| 801 | 1 |
_aRU _bNLR _c20040903 |
|
| 942 | _cBOOK | ||
| 980 | _aNB | ||